[Event "Challenge"]
[Site "http://www.queenalice.com/game.php?id=1221551"]
[Date "2013.10.2"]
[Round "-"]
[White "BossHaar"]
[Black "ramonigerpawn"]
[Result "0-1"]
[WhiteElo "2024"]
[BlackElo "2030"]

1. e4 e5 2. f4 Bc5 3. Nf3 d5 4. exd5 e4 5. Ne5 Nf6 6. Bc4 Nxd5 7. Qh5 Be6 8. f5
Nf6 9. Qg5 Bxc4 10. Nxc4 Qd4 11. Ne3 O-O 12. O-O Nbd7 13. Kh1 Ne5 14. Nc3 c6 15.
Ne2 Qd7 16. Nf4 h6 17. Qg3 Bxe3 18. dxe3 Qxf5 19. Bd2 Nc4 20. Bc3 Rad8 21. Nh5
Qg6 22. Bxf6 gxf6 23. Qxg6+ fxg6 24. Nxf6+ Kg7 25. Nxe4 Nxe3 26. Rxf8 Rxf8 27.
c3 g5 28. g3 Ng4 29. Kg1 Rd8 30. b3 Nf6 31. Nc5 Rd2 32. Nxb7 Nd5 33. c4 Nc3 34.
a4 Ne2+ 35. Kh1 Nd4 36. Na5 Nf3 37. Nxc6 Rxh2# 0-1

[Event "OS INCLIVEIS"]
[Site "http://www.queenalice.com/game.php?id=1226191"]
[Date "2013.10.21"]
[Round "-"]
[White "adelio"]
[Black "ramonigerpawn"]
[Result "0-1"]
[WhiteElo "1784"]
[BlackElo "2070"]

1. b4 Nf6 2. Bb2 e6 3. Bxf6 Qxf6 4. c3 Bxb4 5. e4 Bc5 6. d4 Bb6 7. Nf3 d5 8. e5
Qe7 9. a4 c5 10. a5 Bc7 11. Qa4+ Bd7 12. Bb5 a6 13. Bxd7+ Nxd7 14. Nbd2 O-O 15.
h4 f6 16. h5 fxe5 17. dxe5 Nxe5 18. Nxe5 Bxe5 19. Rc1 Qf6 20. Nf3 Bxc3+ 21. Kf1
Bb4 22. Qd1 Qd8 23. Qd3 Qxa5 24. Ng5 Qb5 25. Qe2 Qxe2+ 26. Kxe2 h6 27. Nf3 Rf5
28. Rb1 Raf8 29. Rh3 a5 30. g4 Rf4 31. Rg1 e5 32. Rg2 Bc3 33. g5 e4 34. Nd2 Bxd2
35. Kxd2 Rxf2+ 36. Rxf2 Rxf2+ 37. Ke1 Rf3 38. Rxf3 exf3 39. Kf2 hxg5 40. Kxf3
Kf7 41. Ke3 Ke6 42. Kf3 Kf5 43. Kg3 d4 44. Kf3 c4 45. Ke2 a4 46. Kd2 b5 47. Ke2
a3 48. Kd2 a2 49. h6 gxh6 50. Kc2 a1=Q 51. Kd2 Qf1 52. Kc2 Qe2+ 53. Kb1 c3 54.
Kc1 d3 55. Kb1 Qb2# 0-1

[Event "Challenge"]
[Site "http://www.queenalice.com/game.php?id=1229162"]
[Date "2013.11.1"]
[Round "-"]
[White "vichid"]
[Black "ramonigerpawn"]
[Result "1-0"]
[WhiteElo "2025"]
[BlackElo "2075"]

1. e4 e5 2. f4 Bc5 3. Nf3 Nc6 4. Bc4 d6 5. c3 Nf6 6. d4 exd4 7. cxd4 Bb4+ 8. Bd2
Bxd2+ 9. Nbxd2 d5 10. exd5 Nxd5 11. O-O O-O 12. Ng5 Ne3 13. Qh5 Bf5 14. Bxf7+
Rxf7 15. Qxf7+ Kh8 16. Qb3 Nd5 17. Nf7+ 1-0

[Event "Challenge"]
[Site "http://www.queenalice.com/game.php?id=1231175"]
[Date "2013.11.9"]
[Round "-"]
[White "Zugswang"]
[Black "ramonigerpawn"]
[Result "0-1"]
[WhiteElo "2156"]
[BlackElo "2050"]

1. e4 Nf6 2. e5 Ng8 3. f4 d6 4. d4 dxe5 5. fxe5 Nc6 6. Nf3 Bg4 7. Be3 e6 8. Bb5
Ne7 9. O-O a6 10. Be2 Nf5 11. Bf2 Bxf3 12. Bxf3 Ncxd4 13. Be4 c5 14. Bxb7 Rb8
15. Bxa6 Rxb2 16. Bd3 Qa5 17. c3 Nc6 18. a4 Nxe5 19. Bb5+ Rxb5 20. axb5 Qxa1 21.
Qe2 Nd7 22. g4 Nd6 23. Bg3 Qa4 24. Qf3 Qe4 25. Qxe4 Nxe4 26. Bc7 Bd6 27. Ba5 Ke7
28. Re1 Ra8 29. Rxe4 Rxa5 30. c4 Ra1 31. Re1 Nb6 32. Rc1 Nxc4 33. Rxc4 Rxb1+ 34.
Kg2 Rxb5 35. h4 Rb3 0-1

[Event "Challenge"]
[Site "http://www.queenalice.com/game.php?id=1244872"]
[Date "2014.1.3"]
[Round "-"]
[White "Zugswang"]
[Black "ramonigerpawn"]
[Result "1-0"]
[WhiteElo "2209"]
[BlackElo "2082"]

1. e4 e5 2. f4 d5 3. exd5 e4 4. Nc3 Nf6 5. Bc4 Bb4 6. Nge2 Bg4 7. h3 Bxe2 8.
Qxe2 O-O 9. O-O Re8 10. d3 Bxc3 11. bxc3 c6 12. dxc6 exd3 13. Qxd3 Qb6+ 14. Kh1
Nxc6 15. Qf5 Ne7 16. Qb5 Qc7 17. Ba3 Nf5 18. Bxf7+ Kxf7 19. Qxf5 Qxc3 20. Bd6 g6
21. Qb5 Rad8 22. Be5 Qc6 23. Qb3+ Kg7 24. Rad1 Kh6 25. Qg3 Rxe5 26. fxe5 Rxd1
27. Rxd1 Ne4 28. Qh4+ Kg7 29. Rd4 Nc5 30. Qe7+ 1-0

[Event "Challenge"]
[Site "http://www.queenalice.com/game.php?id=1286999"]
[Date "2014.6.9"]
[Round "-"]
[White "Zugswang"]
[Black "ramonigerpawn"]
[Result "0-1"]
[WhiteElo "2129"]
[BlackElo "2071"]

1. e4 c5 2. Nc3 Nc6 3. g3 e6 4. Bg2 b6 5. Nge2 h5 6. h4 Bb7 7. d3 Be7 8. Be3 Nf6
9. f3 d5 10. d4 dxe4 11. fxe4 Ng4 12. Bg1 cxd4 13. Nxd4 Qc7 14. Qf3 Nxd4 15.
Bxd4 e5 16. Bg1 Bb4 17. O-O-O Rc8 18. Qd3 Bxc3 19. bxc3 Qxc3 20. Qxc3 Rxc3 21.
Rd3 Rxd3 22. cxd3 Ke7 23. Bf3 Rd8 24. Bxg4 hxg4 25. Kc2 f5 26. Rh2 fxe4 27. dxe4
Bxe4+ 28. Kc1 Ke6 29. Rb2 Rd3 30. Bf2 Bd5 31. a4 Ra3 32. Rb4 e4 33. Rd4 e3 34.
Bxe3 Rxe3 35. Rxg4 Kf6 36. Kd2 Re4 37. Rg5 Bc6 38. a5 b5 39. Rc5 Rc4 40. Rg5 g6
41. Kd3 Be4+ 42. Ke3 a6 43. g4 b4 44. Kd2 b3 0-1

[Event "Aspayne"]
[Site "http://www.queenalice.com/game.php?id=1309357"]
[Date "2014.9.20"]
[Round "3"]
[White "ramonigerpawn"]
[Black "pomar"]
[Result "0-1"]
[WhiteElo "2082"]
[BlackElo "2067"]

1. d4 e6 2. c4 d5 3. Nf3 a6 4. e3 dxc4 5. Bxc4 b5 6. Bd3 Bb7 7. a3 c5 8. dxc5
Bxc5 9. b4 Bd6 10. Bb2 Nf6 11. O-O Qc7 12. Nbd2 Nbd7 13. Rc1 Qb8 14. Qc2 O-O 15.
Ne4 Nxe4 16. Bxe4 Bxe4 17. Qxe4 Nf6 18. Bxf6 gxf6 19. Rfd1 Be5 20. Rc5 Bb2 21.
Ng5 fxg5 22. Rxg5+ Kh8 23. Rh5 f5 24. Rxh7+ Kxh7 25. Qh4+ Kg6 26. Rd7 Rh8 27.
Qe7 Qxh2+ 28. Kf1 Qe5 29. Qf7+ Kh6 30. Re7 Rae8 31. Rxe8 Rxe8 32. Qxe8 Bxa3 33.
Qf8+ Qg7 34. Qe7 Qxe7 0-1

[Event "AUTO-OPEN-3332"]
[Site "http://www.queenalice.com/game.php?id=1309637"]
[Date "2014.9.22"]
[Round "1"]
[White "Norfair"]
[Black "ramonigerpawn"]
[Result "1-0"]
[WhiteElo "2542"]
[BlackElo "2065"]

1. e4 e5 2. Nf3 Nc6 3. d4 exd4 4. Nxd4 Bc5 5. Nxc6 Qf6 6. Qd2 Qxc6 7. Bd3 b6 8.
Qg5 Be7 9. Qg3 d5 10. Nc3 Bb4 11. O-O Bxc3 12. bxc3 Nf6 13. exd5 Qxc3 14. Bb5+
1-0

[Event "AUTO-OPEN-3332"]
[Site "http://www.queenalice.com/game.php?id=1309638"]
[Date "2014.9.22"]
[Round "1"]
[White "ramonigerpawn"]
[Black "Norfair"]
[Result "0-1"]
[WhiteElo "2037"]
[BlackElo "2547"]

1. d4 d5 2. c4 e6 3. Nc3 Nf6 4. Bg5 Be7 5. Nf3 O-O 6. e3 h6 7. Bh4 b6 8. Qb3 Bb7
9. Bxf6 Bxf6 10. cxd5 exd5 11. Qc2 Nd7 12. g4 c5 13. h4 cxd4 14. Nxd4 Bxd4 15.
exd4 Re8+ 16. Be2 b5 17. Qb3 a6 18. O-O-O Rc8 19. Kb1 Rxc3 20. Qxc3 Rxe2 21. Qf3
Qe7 22. g5 Qe4+ 0-1

[Event "AUTO-OPEN-3332"]
[Site "http://www.queenalice.com/game.php?id=1309661"]
[Date "2014.9.22"]
[Round "1"]
[White "mjKoviak"]
[Black "ramonigerpawn"]
[Result "0-1"]
[WhiteElo "1981"]
[BlackElo "1993"]

1. e4 c5 2. Nf3 e6 3. d4 cxd4 4. Nxd4 Nf6 5. Nc3 a6 6. Be2 d6 7. f4 Nc6 8. Be3
Bd7 9. O-O Be7 10. a4 Qb6 11. Qd2 Qc7 12. Nf3 Ng4 13. Rab1 Nxe3 14. Qxe3 Nb4 15.
Bd3 d5 16. Kh1 Bc5 17. Qd2 dxe4 18. Nxe4 Rd8 19. Qc3 Nxd3 20. Qxg7 Rf8 21. cxd3
Be7 22. Ne5 Bc6 23. Nxc6 Qxc6 24. Qxh7 Rd5 25. Nc3 Rf5 26. Qh3 Kd8 27. Rbc1 Rg8
28. Qf3 Qb6 29. Rc2 Rh8 30. g4 Rc5 31. d4 Rc4 32. d5 Bd6 33. Rd2 Rxf4 34. Qg2
Rxg4 0-1

[Event "AUTO-OPEN-3332"]
[Site "http://www.queenalice.com/game.php?id=1309662"]
[Date "2014.9.22"]
[Round "1"]
[White "ramonigerpawn"]
[Black "mjKoviak"]
[Result "0-1"]
[WhiteElo "2011"]
[BlackElo "1965"]

1. d4 Nf6 2. Nf3 g6 3. c4 Bg7 4. Nc3 O-O 5. Bf4 c5 6. d5 d6 7. g3 a6 8. a4 Nh5
9. Qd2 Qa5 10. e4 Nxf4 11. Qxf4 Bxc3+ 12. Nd2 Bxb2 13. Ra2 Bc3 14. Bd3 Bxd2+ 15.
Rxd2 Qxa4 16. h4 Nd7 17. h5 Ne5 18. Be2 Nxc4 19. hxg6 Nxd2 20. Qh4 Qa1+ 21. Kxd2
Qg7 22. gxh7+ Kh8 23. Qxe7 f5 24. Qxd6 fxe4 25. g4 Bxg4 26. Bxg4 Qxg4 27. Qe5+
Qg7 28. Qxe4 Rxf2+ 29. Ke1 Raf8 30. d6 Qa1+ 31. Qb1 Qxb1# 0-1

[Event "AUTO-OPEN-3332"]
[Site "http://www.queenalice.com/game.php?id=1309675"]
[Date "2014.9.22"]
[Round "1"]
[White "MarTraM"]
[Black "ramonigerpawn"]
[Result "1-0"]
[WhiteElo "2446"]
[BlackElo "2035"]

1. d4 Nf6 2. c4 e6 3. Nf3 Bb4+ 4. Bd2 Be7 5. Nc3 O-O 6. d5 d6 7. e4 c6 8. Be2 b6
9. O-O Bd7 10. Be3 Na6 11. Qc2 Rc8 12. dxe6 fxe6 13. e5 dxe5 14. Nxe5 Be8 15. f4
Qc7 16. Rad1 Bd6 17. Rxd6 Qxd6 18. Qa4 Nb4 19. c5 bxc5 20. Qxa7 Nd7 21. Nxd7
Qxd7 22. Qxd7 Bxd7 23. Bxc5 Nd5 24. Bxf8 Nxc3 25. bxc3 Kxf8 26. a4 Ra8 27. Ra1
Ra5 28. Kf2 Ke7 29. Bd1 c5 30. Bb3 Bc6 31. g3 Bb5 32. Re1 c4 33. Bc2 Bc6 34. Re5
Rxe5 35. fxe5 h6 36. Ke3 Kd8 37. Kd4 Bd5 38. Be4 1-0

[Event "AUTO-OPEN-3332"]
[Site "http://www.queenalice.com/game.php?id=1309676"]
[Date "2014.9.22"]
[Round "1"]
[White "ramonigerpawn"]
[Black "MarTraM"]
[Result "0-1"]
[WhiteElo "2084"]
[BlackElo "2428"]

1. d4 Nf6 2. Nf3 d5 3. c4 c6 4. e3 Bf5 5. Nc3 e6 6. a3 Nbd7 7. Nh4 Bg4 8. Qc2
Ne4 9. Nxe4 dxe4 10. Qxe4 Qxh4 11. g3 Qh5 12. Bg2 Bd6 13. b4 O-O 14. Qd3 Bf3 15.
O-O Be2 0-1

[Event "AUTO-MASTER-2159"]
[Site "http://www.queenalice.com/game.php?id=1309745"]
[Date "2014.9.22"]
[Round "1"]
[White "tariann"]
[Black "ramonigerpawn"]
[Result "1-0"]
[WhiteElo "2054"]
[BlackElo "2053"]

1. e4 e5 2. Nf3 Nc6 3. Bb5 a6 4. Bxc6 dxc6 5. O-O f6 6. d4 Bg4 7. dxe5 Qxd1 8.
Rxd1 Bxf3 9. gxf3 fxe5 10. Bg5 h6 11. Bh4 Bd6 12. Nd2 g5 13. Bg3 Nf6 14. Nc4 Ke7
15. Bxe5 Bxe5 16. Nxe5 Rad8 17. Ng6+ Ke6 18. Nxh8 Rxh8 19. Rd3 Nd7 20. Rad1 Ne5
21. Rd8 Nxf3+ 22. Kg2 Rxd8 23. Rxd8 Ne1+ 24. Kg3 Nxc2 25. Kg4 Nb4 26. a3 Nc2 27.
Kh5 Ke7 28. Rd2 Ne1 29. Kxh6 Nf3 30. Re2 g4 31. Kh5 Nxh2 32. f4 g3 33. Kg6 Nf3
34. Kg7 Nh4 35. f5 g2 36. Re1 Nf3 37. Rd1 Ng5 38. Rg1 Nxe4 39. Rxg2 Nc5 40. f6+
Ke6 41. f7 Kd5 42. Rg5+ Kc4 43. Rxc5+ Kxc5 44. f8=Q+ Kb5 45. Qb4# 1-0

[Event "AUTO-MASTER-2159"]
[Site "http://www.queenalice.com/game.php?id=1309746"]
[Date "2014.9.22"]
[Round "1"]
[White "ramonigerpawn"]
[Black "tariann"]
[Result "0-1"]
[WhiteElo "2037"]
[BlackElo "2056"]

1. d4 d5 2. c4 dxc4 3. e3 c5 4. Bxc4 cxd4 5. exd4 Nc6 6. Nf3 e6 7. O-O Nf6 8.
Bg5 Be7 9. Nc3 O-O 10. Re1 a6 11. Qc2 Nxd4 12. Nxd4 Qxd4 13. Bd3 h6 14. Rad1 Qg4
15. Bxf6 Bxf6 16. Re4 Qh5 17. Ne2 Bd7 18. Ng3 Qg5 19. h4 Qa5 20. b4 Qb6 21. Nh5
e5 22. Re3 Bxh4 23. Bh7+ Kh8 24. Nxg7 Bg4 25. Bf5 Bxd1 26. Qxd1 Kxg7 27. Qg4+
Bg5 28. Rxe5 Rfe8 29. Rc5 Re1+ 30. Kh2 Qd6+ 31. g3 Qd1 32. Qxd1 Rxd1 33. Rc7 Rd2
34. Kg1 Rxa2 35. Rxb7 Rd8 36. Be6 Ra1+ 37. Kg2 Rf8 38. Ra7 Kg6 39. Bd7 f5 40. f4
Bf6 41. b5 Bd4 42. Rxa6+ Rxa6 43. bxa6 Rb8 44. Bc6 Kf6 45. Bb7 Ke7 46. Kh3 Kf6
47. Kh4 Rg8 48. Kh5 Rxg3 0-1

[Event "AUTO-MASTER-2159"]
[Site "http://www.queenalice.com/game.php?id=1309751"]
[Date "2014.9.22"]
[Round "1"]
[White "Constante"]
[Black "ramonigerpawn"]
[Result "1-0"]
[WhiteElo "2220"]
[BlackElo "2063"]

1. e4 e5 2. f4 exf4 3. Nf3 d5 4. exd5 Bd6 5. Nc3 Ne7 6. d4 O-O 7. Bd3 Bb4 8. O-O
Bxc3 9. bxc3 Nxd5 10. c4 Ne3 11. Bxe3 fxe3 12. Ne5 Qxd4 13. Bxh7+ 1-0

[Event "AUTO-MASTER-2159"]
[Site "http://www.queenalice.com/game.php?id=1309752"]
[Date "2014.9.22"]
[Round "1"]
[White "ramonigerpawn"]
[Black "Constante"]
[Result "0-1"]
[WhiteElo "2022"]
[BlackElo "2136"]

1. d4 d5 2. c4 e5 3. dxe5 d4 4. Nf3 c5 5. Bf4 Nc6 6. Nbd2 h6 7. g3 Be7 8. Ne4 g5
9. Bc1 Bf5 10. Ned2 Qa5 11. e6 f6 12. Bg2 Bxe6 13. O-O Qc7 14. Qc2 Bf7 15. Re1
Nb4 16. Qb1 Bd6 17. a3 Nc6 18. Ne4 Be5 19. Nxc5 Nge7 20. Qd3 Bg6 21. Qd1 Na5 22.
Ne6 Qxc4 23. Nexd4 Rd8 24. e3 O-O 25. b4 Nac6 26. Bb2 Bc2 27. Qd2 Nf5 28. Qxc2
Qxc2 29. Nxc2 Bxb2 30. Rab1 Bc3 31. Red1 Nfe7 32. Ncd4 Bxd4 33. Nxd4 Nxd4 34.
exd4 Nd5 35. Rbc1 Rd6 36. Rc5 Rfd8 37. Bxd5+ Rxd5 38. Rc7 R8d7 39. Rxd7 Rxd7 40.
d5 Rd6 41. f3 Kf7 42. Kf2 Ke7 0-1

[Event "Aspayne"]
[Site "http://www.queenalice.com/game.php?id=1328912"]
[Date "2014.12.18"]
[Round "4"]
[White "squarsh"]
[Black "ramonigerpawn"]
[Result "0-1"]
[WhiteElo "1932"]
[BlackElo "2009"]

1. e4 e5 2. Bc4 Nf6 3. Nc3 Bc5 4. f4 O-O 5. Nf3 exf4 6. d4 Bb4 7. Qd3 Re8 8. e5
d6 9. Bxf4 Nh5 10. Bg5 Qd7 11. O-O-O Bxc3 12. Qxc3 d5 13. Bb3 f6 14. exf6 Nxf6
15. Bxf6 gxf6 16. Rde1 c6 17. g4 Rf8 18. h4 Qg7 19. h5 Bxg4 20. Reg1 Qh6+ 21.
Kb1 f5 22. Ne5 Na6 23. Nxg4 fxg4 24. Rxg4+ Kh8 25. Qg3 Rae8 26. c3 Qe3 27. h6
Rf3 28. Qg2 Rf2 29. Qg3 Qe1+ 30. Bd1 Qxh1 0-1

[Event "Aspayne"]
[Site "http://www.queenalice.com/game.php?id=1353014"]
[Date "2015.4.11"]
[Round "5"]
[White "ramonigerpawn"]
[Black "Aspayne"]
[Result "1-0"]
[WhiteElo "2022"]
[BlackElo "2045"]

1. e4 Nf6 2. e5 Nd5 3. d4 d6 4. c4 Nb6 5. f4 g6 6. a4 a5 7. Be3 Bg7 8. Nf3 O-O
9. Nc3 Nc6 10. c5 dxc5 11. dxc5 Nd7 12. Bb5 Ndb8 13. O-O Nb4 14. Rc1 c6 15. Bc4
Qc7 16. Qe1 Bf5 17. Nd4 Nd3 18. Bxd3 Bxd3 19. Rf3 Bc4 20. b3 Be6 21. Nxe6 fxe6
22. Qh4 Rf5 23. g4 Rf7 24. Ne4 Bxe5 25. Rcf1 Bf6 26. Ng5 Qc8 27. f5 exf5 28.
gxf5 gxf5 29. Rg3 Rg7 30. Qc4+ 1-0

[Event "Challenge"]
[Site "http://www.queenalice.com/game.php?id=1362409"]
[Date "2015.5.30"]
[Round "-"]
[White "ramonigerpawn"]
[Black "serrato987"]
[Result "1-0"]
[WhiteElo "2052"]
[BlackElo "2129"]

1. e4 c5 2. Nf3 d6 3. d4 cxd4 4. Nxd4 Nf6 5. Nc3 g6 6. f4 Bg7 7. Bb5+ Bd7 8. e5
dxe5 9. fxe5 Bxb5 10. exf6 Bxf6 11. Ndxb5 Qb6 12. Nd5 1-0